opac header image

Halsbury' laws of India (Vol. 4) (Record no. 18699)

MARC details
000 -LEADER
fixed length control field 00478nam a22001937a 4500
005 - DATE & TIME
control field 20260415191255.0
008 - FIXED-LENGTH DATA ELEMENTS--GENERAL INFORMATION
fixed length control field 260415b2017 |||||||| |||| 00| 0 eng d
020 ## - ISBN
International Standard Book Number 9788131252598`
040 ## - CATALOGING SOURCE
Original cataloging agency NLUO
041 ## - LANGUAGE
Language English
082 ## - DDC NUMBER
Classification number 346.54082
Book Number LEX/HAL
100 ## - MAIN ENTRY--PERSONAL NAME
Personal name LexixNexis.
245 ## - TITLE STATEMENT
Title Halsbury' laws of India (Vol. 4)
Statement of responsibility, etc. by LexisNexis.
250 ## - EDITION STATEMENT
Edition statement 2nd ed.
260 ## - PUBLICATION, DISTRIBUTION, ETC. (IMPRINT)
Place of publication, distribution, etc Haryana :
Name of publisher, distributor, etc LexisNexis.
Date of publication, distribution, etc 2017.
300 ## - PHYSICAL DESCRIPTION
Pages 406 p.
650 ## - SUBJECT
Subject Baking Law.
942 ## - ADDED ENTRY ELEMENTS (KOHA)
Koha item type Book
Holdings
Withdrawn status Lost status Source of classification or shelving scheme Damaged status Not for loan Location (home branch) Sublocation or collection (holding branch) Date acquired Koha issues (times borrowed) Koha full call number Barcode (Accession No.) Koha date last seen Volume number Price effective from Koha item type
    Dewey Decimal Classification     NLUO NLUO 15/04/2026   346.54082 LXI/HAL 15883 15/04/2026 4 15/04/2026 Book

Find us on the map

Contact Us

Naraj Rd, Sector 13,
Cuttack,
Odisha - 753 015.
Email : __ADD_DATA__
Phone : +91-(671)-233-8018